[Event "Olympiad Women-42"]
[Site "Baku"]
[Date "2016.09.12"]
[Round "10.4"]
[White "Krpovic, Natasa"]
[Black "Librelato, Kathie Goulart"]
[Result "0-1"]
[WhiteElo "2073"]
[BlackElo "2079"]
[PlyCount "48"]
[EventDate "2016.09.02"]
[EventType "team-swiss"]
[EventRounds "11"]
[EventCountry "AZE"]
[SourceTitle "CBM 174 Extra"]
[Source "ChessBase"]
[SourceDate "2016.10.10"]
[SourceVersion "1"]
[SourceVersionDate "2016.10.10"]
[SourceQuality "1"]
[WhiteTeam "Montenegro (W)"]
[BlackTeam "Brazil (W)"]
[WhiteTeamCountry "MNE"]
[BlackTeamCountry "BRA"]

1. e4 e5 2. Bc4 Nf6 3. d3 Nc6 4. Nf3 Bc5 5. Nc3 h6 6. Be3 Bb6 7. Nd5 d6 8. 0-0 0-0 9. Nxb6 axb6 10. h3 Re8 11. Nh2 d5 12. exd5 Nxd5 13. Qh5 Be6 14. Bd2 Nf6 15. Qd1 Bxc4 16. dxc4 Qd4 17. b3 Rad8 18. Nf3 Qc5 19. Qe2 e4 20. Ne1 Nd4 21. Qe3 Qh5 22. g4 Nxg4 23. hxg4 Qxg4+ 24. Kh1 Nf3 0-1

[Event "Olympiad Women-42"]
[Site "Baku"]
[Date "2016.09.09"]
[Round "7.4"]
[White "Krpovic, Natasa"]
[Black "Almanzar Vasquez, Jennifer Maria"]
[Result "1/2-1/2"]
[WhiteElo "2073"]
[BlackElo "1768"]
[PlyCount "90"]
[EventDate "2016.09.02"]
[EventType "team-swiss"]
[EventRounds "11"]
[EventCountry "AZE"]
[SourceTitle "CBM 174 Extra"]
[Source "ChessBase"]
[SourceDate "2016.10.10"]
[SourceVersion "1"]
[SourceVersionDate "2016.10.10"]
[SourceQuality "1"]
[WhiteTeam "Montenegro (W)"]
[BlackTeam "Dominican Republic (W)"]
[WhiteTeamCountry "MNE"]
[BlackTeamCountry "DOM"]

1. e4 d5 2. exd5 Qxd5 3. Nc3 Qd6 4. Nf3 c6 5. d4 Nf6 6. h3 Bf5 7. Bd3 Bxd3 8. Qxd3 e6 9. 0-0 Nbd7 10. Ne2 Qc7 11. Bf4 Bd6 12. Bxd6 Qxd6 13. Rfe1 0-0 14. Rad1 Rad8 15. Ng3 Qc7 16. Qe2 Rfe8 17. Ne5 Qb6 18. c3 c5 19. Nxd7 Rxd7 20. dxc5 Qxc5 21. Rxd7 Nxd7 22. Ne4 Qc7 23. Rd1 Re7 24. Qd3 h6 25. Qe3 Qb6 26. Qg3 Kh7 27. b3 Nc5 28. Qh4 Rd7 29. Rxd7 Nxd7 30. Qf4 Kg8 31. Nd6 Nf6 32. Nc4 Qa6 33. Qb8+ Kh7 34. a4 Nd5 35. Qf8 Nxc3 36. Qxf7 Nxa4 37. Ne5 Nc5 38. Qg6+ Kg8 39. Qe8+ Kh7 40. Qg6+ Kg8 41. Qf7+ Kh7 42. Qg6+ Kg8 43. Qe8+ Kh7 44. Qg6+ Kg8 45. Qe8+ Kh7 1/2-1/2

[Event "Olympiad Women-42"]
[Site "Baku"]
[Date "2016.09.05"]
[Round "4.29"]
[White "Krpovic, Natasa"]
[Black "Keetman, Maaike"]
[Result "0-1"]
[WhiteElo "2073"]
[BlackElo "2221"]
[PlyCount "110"]
[EventDate "2016.09.02"]
[EventType "team-swiss"]
[EventRounds "11"]
[EventCountry "AZE"]
[SourceTitle "CBM 174 Extra"]
[Source "ChessBase"]
[SourceDate "2016.10.10"]
[SourceVersion "1"]
[SourceVersionDate "2016.10.10"]
[SourceQuality "1"]
[WhiteTeam "Montenegro (W)"]
[BlackTeam "Netherlands (W)"]
[WhiteTeamCountry "MNE"]
[BlackTeamCountry "NED"]

1. e4 c5 2. Ne2 Nc6 3. Nbc3 e6 4. d3 g6 5. g3 Bg7 6. Bg2 Nge7 7. 0-0 0-0 8. Be3 Nd4 9. Qd2 d6 10. Nd1 Rb8 11. c3 Nxe2+ 12. Qxe2 Nc6 13. f4 Qe7 14. Nf2 Bd7 15. g4 f5 16. Rae1 Rfe8 17. Nh1 b5 18. Ng3 Qf7 19. gxf5 exf5 20. exf5 gxf5 21. Bf3 Ne7 22. Nh5 Nd5 23. Bxd5 Qxd5 24. Qg2 Qxg2+ 25. Kxg2 Bh8 26. Kf2 b4 27. Bd2 bxc3 28. Bxc3 Bxc3 29. bxc3 Rb2+ 30. Kg1 Rxe1 31. Rxe1 Kf7 32. Ng3 Rxa2 33. Re2 Rxe2 34. Nxe2 Bb5 35. c4 Bc6 36. Kf2 a5 37. d4 a4 38. dxc5 dxc5 39. Nc1 Be4 40. Ke3 Kg6 41. Kd2 Kh5 42. Ne2 Kg4 43. Nc3 a3 44. Kc1 Kxf4 45. Na4 Bd3 46. Nxc5 Bxc4 47. Nd7 Ke3 48. Nf6 h6 49. h4 f4 50. Ng4+ Ke2 51. Nxh6 Be6 52. h5 f3 53. Ng4 Bxg4 54. h6 Bf5 55. h7 f2 0-1

[Event "EU-chT (Women) 20th"]
[Site "Reykjavik"]
[Date "2015.11.22"]
[Round "9.4"]
[White "Krpovic, Natasa"]
[Black "Cosma, Elena Luminita"]
[Result "0-1"]
[WhiteElo "2098"]
[BlackElo "2303"]
[PlyCount "104"]
[EventDate "2015.11.13"]
[EventType "team-swiss"]
[EventRounds "9"]
[EventCountry "ISL"]
[SourceTitle "CBM 169 Extra"]
[Source "ChessBase"]
[SourceDate "2015.12.18"]
[SourceVersion "1"]
[SourceVersionDate "2015.12.18"]
[SourceQuality "1"]
[WhiteTeam "Montenegro (W)"]
[BlackTeam "Romania (W)"]
[WhiteTeamCountry "MNE"]
[BlackTeamCountry "ROU"]

1. e4 e6 2. g3 d5 3. Bg2 Nf6 4. exd5 exd5 5. Ne2 Bd6 6. d3 0-0 7. 0-0 c6 8. Nbc3 Nbd7 9. h3 Re8 10. Bf4 Ne5 11. d4 Ng6 12. Bxd6 Qxd6 13. Qd3 Bd7 14. Nd1 Re7 15. Ne3 Rae8 16. c4 dxc4 17. Nxc4 Qc7 18. Nc3 Bc8 19. Ne3 Qb6 20. Na4 Qd8 21. Rad1 Be6 22. Nc5 Bd5 23. Nxd5 Nxd5 24. a3 Nf8 25. b4 Ne6 26. b5 Nxc5 27. dxc5 Rd7 28. bxc6 bxc6 29. Qa6 Qc8 30. Qxc8 Rxc8 31. h4 Rdd8 32. Rfe1 Kf8 33. Rb1 Rc7 34. Rb3 Nf6 35. Reb1 g6 36. Rb7 Rxb7 37. Rxb7 Rd1+ 38. Kh2 Ng4+ 39. Kh3 Nxf2+ 40. Kh2 Ng4+ 41. Kh3 Ne5 42. h5 Rc1 43. Rxa7 Rxc5 44. hxg6 hxg6 45. a4 Nc4 46. Bf3 Kg7 47. Ra6 Ne5 48. Bh1 f5 49. a5 Rc2 50. Rb6 g5 51. a6 g4+ 52. Kh4 Nf7 0-1

[Event "EU-chT (Women) 20th"]
[Site "Reykjavik"]
[Date "2015.11.21"]
[Round "8.4"]
[White "Bhatia, Kanwal K"]
[Black "Krpovic, Natasa"]
[Result "1/2-1/2"]
[WhiteElo "2072"]
[BlackElo "2098"]
[PlyCount "184"]
[EventDate "2015.11.13"]
[EventType "team-swiss"]
[EventRounds "9"]
[EventCountry "ISL"]
[SourceTitle "CBM 169 Extra"]
[Source "ChessBase"]
[SourceDate "2015.12.18"]
[SourceVersion "1"]
[SourceVersionDate "2015.12.18"]
[SourceQuality "1"]
[WhiteTeam "England (W)"]
[BlackTeam "Montenegro (W)"]
[WhiteTeamCountry "ENG"]
[BlackTeamCountry "MNE"]

1. e4 e6 2. d4 d5 3. Nd2 dxe4 4. Nxe4 Bd7 5. Nf3 Bc6 6. Bd3 Nf6 7. Ng3 Bd6 8. 0-0 Bxf3 9. Qxf3 c6 10. c3 Nbd7 11. Re1 0-0 12. Bg5 Be7 13. c4 Re8 14. Rad1 Qa5 15. Bd2 Bb4 16. Bxb4 Qxb4 17. Re2 Nf8 18. Nh5 Nxh5 19. Qxh5 g6 20. Qg4 Nd7 21. b3 Rad8 22. Re3 Nf6 23. Qh4 Qe7 24. Rh3 Nh5 25. Qe4 Nf6 26. Qe5 Nd7 27. Qe3 Qf6 28. Be2 Nf8 29. Rf3 Qg7 30. h4 h6 31. Rg3 Nd7 32. f4 Nf8 33. h5 c5 34. hxg6 fxg6 35. dxc5 Rxd1+ 36. Bxd1 Qa1 37. Qe2 Qd4+ 38. Kh1 Rd8 39. Bc2 Qxf4 40. Rd3 Rxd3 41. Qxd3 Qh4+ 42. Kg1 Qe1+ 43. Qf1 Qe3+ 44. Qf2 Qc1+ 45. Kh2 Qg5 46. b4 Nd7 47. Qg3 Qh5+ 48. Qh3 Qe5+ 49. Qg3 Qh5+ 50. Kg1 Ne5 51. Qh3 Qg5 52. Qxe6+ Kg7 53. Qd5 Qe3+ 54. Kf1 Qf4+ 55. Ke1 Nxc4 56. Qxb7+ Kf8 57. Qf3 Qxf3 58. gxf3 g5 59. Be4 Ke7 60. Kf2 h5 61. Bg6 Ne5 62. Bxh5 Nd3+ 63. Ke3 Nxb4 64. a4 a5 65. Kd4 Nc6+ 66. Kc4 Na7 67. Bg4 Kd8 68. Kd5 Kc7 69. Bf5 Nc6 70. Be4 Nb4+ 71. Kc4 Na2 72. Ba8 Kb8 73. Bc6 Kc7 74. Bb5 Nb4 75. Kd4 Nc2+ 76. Kd5 Ne3+ 77. Ke4 Nc2 78. Kd3 Nb4+ 79. Kd4 Nc2+ 80. Ke5 Na3 81. Be8 Nc4+ 82. Kf5 Nd2 83. Kg4 Nb3 84. c6 Nc5 85. Kxg5 Nxa4 86. f4 Nc5 87. f5 a4 88. Bf7 Kxc6 89. Be8+ Kd6 90. Bxa4 Nxa4 91. f6 Nb6 92. f7 Ke7 1/2-1/2